Myšacia polievka

Bibliographic Details
Main Author: Lobel, Arnold, 1933-1987 (Author)
Other Authors: Gavurová, Miroslava, 1976- (Translator), Gavura, Ján, 1975- (Translator)
Format: Book
Language:Slovak
English
PhysicalDescription:63 s. fareb. ilustr. 25 cm
Published: Prešov Slniečkovo 2013
ISBN:9788089314249 (viaz.)
Edition:[1. vyd.]
Subjects:

MARC

LEADER 00000cam a2200000 a 4500
001 vtls010568398
003 SK-MaSNL
005 20260302090155.0
008 160429s2013 xo a b 000 j slo
015 |a SNBA2014/07 
020 |a 9788089314249 (viaz.) 
035 |a 93C515F9-FEFE-40B1-9644-0F5155BB145E 
035 |a urn:nbn:sk:snk-amk4eq 
035 |a urn:nbn:sk:snk-am0057kn 
040 |a SNK  |b slo  |c SNK  |e AACR 
041 1 |a slo  |h eng 
044 |a xo  |c SK 
072 7 |a 821.111(73)-3  |x Americká próza  |2 konspekt 
072 7 |a 821-93  |x Literatúra pre deti a mládež (beletria)  |2 konspekt 
080 |a 821.111(73)-32  |2 2001 
080 |a 821-93  |2 2001 
080 |a (0:82-32)  |2 2001 
100 1 |a Lobel, Arnold,  |d 1933-1987  |4 aut  |9 119765 
240 1 0 |a Mouse Soup  |l Slovensky 
245 1 0 |a Myšacia polievka  |c napísal a namaľoval Arnold Lobel ; [podľa anglického originálu preložili Miroslava Gavurová, Ján Gavura] 
250 |a [1. vyd.] 
260 |a Prešov  |b Slniečkovo  |c 2013 
300 |a 63 s.  |b fareb. ilustr.  |c 25 cm 
655 7 |a americké príbehy  |2 SNKPH  |9 70732 
655 7 |a publikácie pre deti  |2 SNKPH  |9 70148 
655 7 |a American stories  |2 SNKPHeng  |9 303195 
655 7 |a Children's literature  |2 SNKPHeng  |9 276039 
700 1 |a Gavurová, Miroslava,  |d 1976-  |4 trl  |9 109823 
700 1 |a Gavura, Ján,  |d 1975-  |4 trl  |9 92301 
852 |a Štátna vedecká knižnica v Banskej Bystrici 
919 |a 978-80-89314-24-9 
958 |a UP 
958 |a LX 
958 |a DB 
958 |a OND 
968 |b ENG 
999 |c 1195521  |d 1197451 
952 |a SNK  |b SNK  |y PREZ  |7 0  |p 17A1110237  |o snkSC 159707  |i snk2014/12285  |8 0  |0 0  |1 0  |4 0  |d 2014-05-26  |f 1  |l 0  |r 2025-08-21 00:00:00  |w 2026-02-24 
952 |a SNK  |b SNK  |y VYP  |7 0  |p 17A1110238  |o snkSC 159707 D1  |i snk2014/12286  |8 0  |0 0  |1 0  |4 0  |d 2014-05-26  |l 0  |r 2026-02-24 22:25:05  |w 2026-02-24